Notable Person by City #2 - Statistics

General Stats
  • This quiz has been taken 208 times
  • The average score is 13 of 24
Answer Stats
City Profession Lifespan Famous Person % Correct
Honolulu president 1961 - Barack Obama
91%
Riyadh terrorist 1957 - 2011 Osama bin Laden
88%
Hope, Arkansas president 1946 - Bill Clinton
82%
Edinburgh Bond actor 1930 - 2020 Sean Connery
81%
Skopje nun, missionary 1910 - 1997 Mother Theresa
80%
New Orleans jazz trumpeter 1901 - 1971 Louis Armstrong
78%
Warsaw physicist in radioactivity 1867 - 1934 Marie Curie
76%
Rosario revolutionary 1928 - 1967 Che Guevara
75%
Lille statesman, WWII leader 1890 - 1970 Charles de Gaulle
71%
Auckland mountaineer 1919 - 2008 Edmund Hillary
71%
Mexico City painter 1907 - 1954 Frida Kahlo
70%
Funchal footballer 1985 - Cristiano Ronaldo
63%
Mumbai novelist persecuted by Iran 1947 - Salman Rushdie
60%
Seoul singer 1977 - PSY
49%
Moscow novelist, essayist 1821 - 1881 Fyodor Dostoyevsky
44%
Brussels actress, fashion icon 1929 - 1993 Audrey Hepburn
37%
Sydney actor 1968 - Hugh Jackman
35%
Montréal singer-songwriter 1934 - 2016 Leonard Cohen
24%
Tokyo animator, manga artist 1941 - Hayao Miyazaki
21%
Beirut actor, memelord 1964 - Keanu Reeves
20%
Geneva philosopher, writer 1712 - 1778 Jean-Jacques Rousseau
18%
Barcelona painter, sculptor 1893 - 1983 Joan Miró
17%
Baltimore non-conform musician 1940 - 1993 Frank Zappa
10%
Lima writer 1942 - Isabel Allende
9%
No matching quizzes found
Score Distribution
Percent of People with Each Score
Percentile by Number Answered
Your Score History
You have not taken this quiz